Urban and regional development in India: essays in honour of Prof. L.N. Ram (Record no. 403600)

000 -LEADER
fixed length control field 00548cam a22001697a 4500
008 - FIXED-LENGTH DATA ELEMENTS--GENERAL INFORMATION
fixed length control field 180718b2005 xxu||||| |||| 00| 0 eng d
020 ## - INTERNATIONAL STANDARD BOOK NUMBER
International Standard Book Number 8180691993
082 ## - DEWEY DECIMAL CLASSIFICATION NUMBER
Classification number B131x54 T326/1
245 ## - TITLE STATEMENT
Title Urban and regional development in India: essays in honour of Prof. L.N. Ram
Statement of responsibility, etc. edited by B. Thakur, et.al.
260 ## - PUBLICATION, DISTRIBUTION, ETC.
Place of publication, distribution, etc. New Delhi
Name of publisher, distributor, etc. Concept
Date of publication, distribution, etc. 2005
300 ## - PHYSICAL DESCRIPTION
Extent 2 vols.
500 ## - GENERAL NOTE
General note Contents: v.1. 348p.; v.2. 349-874p.
650 ## - SUBJECT ADDED ENTRY--TOPICAL TERM
Topical term or geographic name entry element Urban policy - India
650 ## - SUBJECT ADDED ENTRY--TOPICAL TERM
Topical term or geographic name entry element Urbanization -India
650 ## - SUBJECT ADDED ENTRY--TOPICAL TERM
Topical term or geographic name entry element Urban development - India
700 ## - ADDED ENTRY--PERSONAL NAME
Personal name Thakur, B.
Holdings
Withdrawn status Lost status Damaged status Not for loan Permanent Location Current Location Date acquired Full call number Barcode Date last seen Price effective from Koha item type
        Indian Institute of Public Administration Indian Institute of Public Administration 2005-03-28 B131x54 T326/1 80020 2018-07-21 2018-07-21 Book
        Indian Institute of Public Administration Indian Institute of Public Administration 2005-03-28 B131x54 T326/1 80019 2018-07-21 2018-07-21 Book

Powered by Koha